Welcome to the Holygrace Academy Library

Please use search bar below to get started

COMPUTER SCIENCE WITH PYTHON (Record no. 6956)

MARC details
000 -LEADER
fixed length control field 00359nam a22001337a 4500
020 ## - INTERNATIONAL STANDARD BOOK NUMBER
ISBN 978-81-7700-236-2
082 ## - DEWEY DECIMAL CLASSIFICATION NUMBER
Classification number 530
Item number SUM/C
100 ## - MAIN ENTRY--AUTHOR NAME
Personal name ARORA, SUMITA
245 ## - TITLE STATEMENT
Title COMPUTER SCIENCE WITH PYTHON
Remainder of title TEXTBOOK FOR CLASS XII
250 ## - EDITION STATEMENT
Edition statement FOURTEENTH EDITION
260 ## - PUBLICATION, DISTRIBUTION, ETC. (IMPRINT)
Place of publication DELHI
Name of publisher DHANPAT RAI & CO
Year of publication 2023
650 ## - SUBJECT ADDED ENTRY--TOPICAL TERM
Topical Term INFORMATION TECHNOLOGY
Geographic subdivision INDIA
942 ## - ADDED ENTRY ELEMENTS (KOHA)
Koha item type Books
Holdings
Withdrawn status Lost status Collection code Home library Current library Shelving location Date acquired Source of acquisition Cost, normal purchase price Full call number Accession Number Koha item type
    Reference Main Library Main Library NEW SHELF WITH NEW ENTRY 26/10/2023 purchase 655.00 530 SUM/C 12985 Books